Miesto a možnosti využitia osobných počítačov v ASRP

Guardado en:
Detalles Bibliográficos
Autor principal: Čarnický, Štefan
Otros Autores: Ferenc, Jaroslav
Formato: Capítulo de libro
Lenguaje:eslovaco
Etiquetas: Agregar Etiqueta
Sin Etiquetas, Sea el primero en etiquetar este registro!

MARC

LEADER 00000naa$a2200000$$$4500
001 0104971
005 20240618120747.7
041 0 |a slo 
044 |a CZ 
245 1 0 |a Miesto a možnosti využitia osobných počítačov v ASRP  |c Štefan Čarnický, Jaroslav Ferenc 
100 1 |a Čarnický, Štefan 
700 1 |a Ferenc, Jaroslav